Library Banner

The Muslim 100: (Record no. 98592)

MARC details
000 -LEADER
fixed length control field 00488nam a22001577a 4500
005 - DATE AND TIME OF LATEST TRANSACTION
control field 20170927123603.0
008 - FIXED-LENGTH DATA ELEMENTS--GENERAL INFORMATION
fixed length control field 170927b xxu||||| |||| 00| 0 eng d
020 ## - INTERNATIONAL STANDARD BOOK NUMBER
International Standard Book Number 9781847740076
040 ## - CATALOGING SOURCE
Transcribing agency PK-LaUMT
082 ## - DEWEY DECIMAL CLASSIFICATION NUMBER
Classification number PKAC 297.092
Item number MOJ-M
100 ## - MAIN ENTRY--PERSONAL NAME
Personal name Mojlum , Muhammad
245 ## - TITLE STATEMENT
Title The Muslim 100:
Remainder of title lives , thoughts and achievements of the most influential muslims in history/
Statement of responsibility, etc Muhammad Mojlum
260 ## - PUBLICATION, DISTRIBUTION, ETC. (IMPRINT)
Place of publication, distribution, etc Leicestershire:
Name of publisher, distributor, etc Kube publisher,
Date of publication, distribution, etc 2008
300 ## - PHYSICAL DESCRIPTION
Extent 459 p.
942 ## - ADDED ENTRY ELEMENTS (KOHA)
Koha item type Books
Holdings
Withdrawn status Lost status Damaged status Home library Current library Date acquired Full call number Barcode Date last seen Price effective from Koha item type
      UMT Main Campus UMT Main Campus 2017-09-27 PKAC 297.092 MOJ-M 114508 2017-09-27 2017-09-27 Books